| 000 | 00532nam a2200169 i 4500 | ||
|---|---|---|---|
| 001 | 166896 | ||
| 003 | ES-MaACL | ||
| 005 | 20231223063113.0 | ||
| 008 | 960320s1879 sp |||| | spa d | ||
| 080 | _a821.134.2-31"18" | ||
| 100 | 1 |
_aValera, Juan, _d1824-1905 _9112638 |
|
| 245 | 1 | 0 |
_aDoña Luz / _cJuan Valera. |
| 260 |
_aMadrid ; _aParís : _bBiblioteca Perojo, _c1879 ( _fTip. Perojo) |
||
| 300 |
_a246 p. ; _c20 cm. |
||
| 852 |
_aES-MaACL _jR-3225 _xOlim:D-1939 _z- Enc. hol. _x- Olim: D-1939 |
||
| 999 |
_c166896 _d166896 |
||